000 00494nam a22001817a 4500
003 NUST - PNEC
005 20170116180914.0
008 150903b xxu||||| |||| 00| 0 eng d
020 _a0070459037
040 _cLIBRARY
082 _a620.112 NAS
100 _97318
_aNash, William A.
245 _aSchaum's outline of theory and problems of strength of materials.
_cWilliam A. Nash
250 _a3rd ed.
260 _cc.1994
650 _97322
_aStrength of material
_xME
942 _2ddc
_cBK
999 _c65396
_d65396